Japan's turn : (Record no. 14408)
[ view plain ]
| 000 -LEADER | |
|---|---|
| fixed length control field | 00387cam a2200133 a 4500 |
| 020 ## - INTERNATIONAL STANDARD BOOK NUMBER | |
| ISBN | 0819190365 (alk. paper) |
| 040 ## - CATALOGING SOURCE | |
| Transcribing agency | DLC |
| 082 00 - DEWEY DECIMAL CLASSIFICATION NUMBER | |
| Classification number | 337 UNI 1993 A067 Or. |
| 100 1# - MAIN ENTRY--AUTHOR NAME | |
| Personal name | Mourdoukoutas, Panos. |
| 245 10 - TITLE STATEMENT | |
| Title | Japan's turn : |
| Remainder of title | the interchange in economic leadership / |
| 260 ## - PUBLICATION, DISTRIBUTION, ETC. (IMPRINT) | |
| Place of publication | Lanham : |
| Name of publisher | University Press of America, |
| Year of publication | c1993. |
| 300 ## - PHYSICAL DESCRIPTION | |
| Number of Pages | 230 p. : |
| Other physical details | ill. ; |
| Dimensions | 23 cm. |
| 942 ## - ADDED ENTRY ELEMENTS (KOHA) | |
| Koha item type | សៀវភៅភាសាអង់គ្លេស |
| 952 ## - LOCATION AND ITEM INFORMATION (KOHA) | |
| Withdrawn status [LOCAL, KOHA] | 0 |
| Permanent Location | Date acquired | Koha item type | Lost status | Shelving location | Barcode | Current Location | Full call number |
|---|---|---|---|---|---|---|---|
| Library Block A | 2017-10-16 | សៀវភៅភាសាអង់គ្លេស | A067 | A20519 | Library Block A | 337 UNI 1993 A067 Or. |